| 000 | 00469nam a22001817a 4500 | ||
|---|---|---|---|
| 003 | PILC | ||
| 005 | 20151020160040.0 | ||
| 008 | 130930t xxu||||| |||| 00| 0 eng d | ||
| 050 |
_aHS 3313 _b.B789 |
||
| 082 |
_aGS 369.43 _bBo71 |
||
| 245 | _aBoy Scouts of the Philippines Boy Scout games / | ||
| 260 |
_aManila : _bThe Office, |
||
| 300 |
_a76 p. : _bill. ; _c18 cm. |
||
| 650 |
_aBoy Scouts _922134 |
||
| 650 |
_aGames _91287 |
||
| 942 |
_2lcc _cBK |
||
| 999 |
_c12339 _d12339 |
||